000 01119nam2a22002651 4500
001 rc\39909
005 20250620195930.0
010 _a5-7707-1583-9
_bГос. ком. УССР по печати
_9200000
035 _a(NLR Aleph) 005398906
090 _a7255237
_c7255237
100 _a20021216d1992 |||y0rusy50 ca
101 0 _arus
102 _aRU
105 _ay |||||||||
200 1 _aТы, Марианна
210 _d1992
_aБ. м.
215 _a431, [1] с.
_d21
300 _aПеревод изд.: Toi, Marianne / Juliette Benzoni (Paris, 1969)
300 _aОпис. по пер. На тит. л. только загл. тома
461 0 _1001rc\39906
_12001#$aˆ[‰Марианна]$eРоман в 6 кн.$fПер. с фр. Н.П. Куща$vКн. 4
_1700#1$aБенцони$bЖ.$gЖюльетта
_97255211
_aБенцони, Ж.
_cМ.
_d1993
_fПер. с фр. Н.П. Куща
_nГФ "Полиграфресурсы"
_oРоман в 6 кн.
_tˆ[‰Марианна]
_y5770721073
_vКн. 4
801 0 _aRU
_bNLR
_gpsbo
801 1 _aRU
_bELAR
_2rusmarc
852 _aNLR
_j92-5/2507
942 _cBOOK
980 _aNB